Spôsoby financovania bytovej výstavby v SR diplomová práca

Uložené v:
Podrobná bibliografia
Hlavný autor: Pitáková, Veronika
Korporativný autor: Národohospodárska fakulta EU. Katedra hospodárskej politiky
Ďalší autori: Vidová, Jarmila, 1967-
Médium: Kniha
Jazyk:Slovak
Vydavateľské údaje: Bratislava 2013
Tagy: Pridať tag
Žiadne tagy, Buďte prvý, kto otaguje tento záznam!

MARC

LEADER 00000nbm a2200000 4500
001 0170488
005 20161109102349.1
041 0 |a slo 
044 |a SK 
245 1 0 |a Spôsoby financovania bytovej výstavby v SR  |b diplomová práca  |c Veronika Pitáková ; školiteľ: Jarmila Vidová 
264 1 |a Bratislava  |c 2013 
300 |a 72 s. 
100 1 |a Pitáková, Veronika 
700 1 |a Vidová, Jarmila, 1967- 
710 2 |a Národohospodárska fakulta EU. Katedra hospodárskej politiky